000 00458nam a2200181Ia 4500
003 GCL
008 140319s9999 xx 000 0 eng d
040 _aGCL /
_cGCL
082 0 4 _a843
_bS M
100 1 _aSOLE, ROBERT
245 1 0 _aLA MAMELOUKA: ROMAN /
_cSOLE, ROBERT
260 _a[S.N] :
_bEDITIONS A. ET J. PICARD ،
_c1996
300 _a345 P
650 0 4 _aLITERATURE
650 0 4 _aFRENCH FICTION
650 0 4 _aFRENCH LITERATURE
942 _2ddc
_cBK
999 _c15230
_d15230